| 000 | 00587nac a22001931u 4500 | ||
|---|---|---|---|
| 010 | _a 82010689 | ||
| 020 | _a0419114106 : | ||
| 082 | 0 | 0 |
_a621.45 _bWAM |
| 090 |
_c8465 _d8465 |
||
| 100 | _aWarne, D. F. | ||
| 245 | 1 | 0 |
_aWind power equipment / _cD.F. Warne. |
| 260 |
_aLondon ; _aNew York : _bE. & F.N. Spon,1983. _cc1983. |
||
| 300 |
_a222 p. : _bill. ; _c31 cm. |
||
| 500 | _aDistributer: Al-Ahram | ||
| 504 | _aIncludes bibliographies and index. | ||
| 511 | _aCatalogued by: Sara | ||
| 650 | 0 | _aWind power. | |
| 942 |
_cBB _k621.45WAM |
||
| 999 |
_c8465 _d8465 |
||